Observations on Retinometra longivaginata (Fuhrmann, 1906) and R. longicirrosa (Furhmann, 1906) (Hymenolepididae), with special emphasis on the structure of the male copulatory apparatus

Bibliographic Details
Main Authors: Macko, Jozef Kazimír, 1927- (Author), Hanzelová, Vladimíra, 1951- (Author), Macková, A. (Author)
Format: Article
Language:Slovak
English
PhysicalDescription:Obr.
ISSN:0440-6605
Subjects:

MARC

LEADER 00000nab a2200000 a 4500
001 vtls000748251
003 SK-MaSNL
005 20260426083127.0
008 250429c2000 xo 0 slo
015 |a SNBRB2001/04-10158 
035 |a CLN000100079 
035 |a urn:nbn:sk:snk-ab33x0 
035 |a (urnnbn)urn:nbn:sk:snk:ar-a05tch 
035 |a (uuid)77391434-0ff8-431a-b550-5ee3c2288927 
040 |a SNKBUCL  |b slo  |c SNKBUCL  |e AACR2 
041 0 |a eng 
044 |a xo  |c SK 
080 |a 595.121:591.46  |2 1997 
080 |a 591.46  |2 1997 
080 |a 591.69  |2 1997 
080 |a 616.995.1  |2 1997 
100 1 |a Macko, Jozef Kazimír,  |d 1927-  |4 aut  |9 37748 
245 1 0 |a Observations on Retinometra longivaginata (Fuhrmann, 1906) and R. longicirrosa (Furhmann, 1906) (Hymenolepididae), with special emphasis on the structure of the male copulatory apparatus  |c J.K. Macko, V. Hanzelová, A. Macková 
300 |b Obr. 
504 |a Res. angl. 
504 |a Bibliogr. odkazy 
650 0 7 |a Retinometra longivaginata  |2 snkbucl  |9 1443193 
650 0 7 |a Retinometra longicirrosa  |2 snkbucl  |9 1443194 
650 0 7 |a Hymenolepididae  |2 snkbucl  |9 1299387 
650 0 7 |a pohlavné ústrojenstvo  |2 snkbucl  |9 68224 
650 0 7 |a klasifikácia  |2 snkbucl  |9 3849 
650 0 7 |a orgány pohlavné  |x anatómia a histológia  |x fyziológia  |2 snkbucl  |9 1443195 
650 0 7 |a Cestoda  |x anatómia a histológia  |x fyziológia  |x parazitológia  |2 snkbucl  |9 1443196 
650 0 7 |a Hymenolepis  |x anatómia a histológia  |x parazitológia  |2 snkbucl  |9 1443197 
651 7 |a Slovensko  |2 snkbucl  |9 14231 
655 7 |a články z novín a časopisov  |2 snkbucl  |9 267496 
700 1 |a Hanzelová, Vladimíra,  |d 1951-  |4 aut  |9 132285 
700 1 |a Macková, A.  |4 aut  |9 316872 
773 0 |t Helminthologia  |g Roč. 37, č. 2 (2000), s. 83-88  |x 0440-6605 
850 |a Slovenská národná knižnica 
852 |a Slovenská národná knižnica 
958 |a article27 
958 |a MI 
958 |a NB 
958 |a OND 
958 |a EUIPO 
992 |a RBX 
999 |c 2895865  |d 2897795